Čakanka

Bibliographic Details
Format: Book
Language:Slovak
PhysicalDescription:8, [3] s. V. 8°
Published: Bratislava Oráč 1951
Series:Viac, lepšie a lacnejšie
Subjects:

MARC

LEADER 00000cam a2200000 a 4500
001 vtls008367005
003 SK-MaSNL
005 20260301075329.0
008 230403s1951 xo 000 0 slo
015 |a SNBA19451955-001525 
035 |a SK01SNKBKSFS20010059222 
035 |a urn:nbn:sk:snk-am3ii96 
035 |a E9E7D146-2908-46A0-83BE-43DCCDB743B5 
035 |a urn:nbn:sk:snk-am00ek8o 
035 |a SKM000061685 
040 |a SNK  |b slo  |c SNK  |e AACR2 
041 0 |a slo 
044 |a xo  |c SK 
072 7 |a 633  |x Rastlinná výroba  |2 konspekt 
080 |a 582.998.14  |2 2001 
080 |a 633.78  |2 2001 
245 0 0 |a Čakanka 
260 |a Bratislava  |b Oráč  |c 1951  |e Trnava  |f Západoslov. tlač. 
300 |a 8, [3] s.  |c V. 8° 
366 |e 5000 výtl. 
490 1 |a Viac, lepšie a lacnejšie  |v sv. 22 
500 |a Obálkový názov 
650 0 7 |a čakanka  |2 SNKPH  |9 27308 
650 0 7 |a pestovanie rastlín  |2 SNKPH  |9 29223 
655 7 |a príručky  |2 SNKPH  |9 74364 
830 0 |a Viac, lepšie a lacnejšie  |9 308649 
852 |a Slovenská národná knižnica 
954 |a odborná, vedecká literatúra pôvodná (slovenská)  |2 lita 
958 |a OND 
958 |a RK 
958 |a TL 
958 |a EUIPO 
999 |c 649849  |d 651779 
952 |a SNK  |b SNK  |y VYP  |7 0  |p 17A0699900  |o snkSD 7331/22 D1  |i snkF 235/63  |8 5  |0 0  |1 0  |4 0  |d 2011-05-18  |l 0  |r 2026-02-23 18:19:19  |w 2026-02-23 
952 |a SNK  |b SNK  |y PREZ  |7 0  |p 17A0910806  |o snkSD 7331/22  |i snk219/52  |0 0  |1 0  |4 0  |d 2020-06-29  |f 1  |l 0  |r 2025-11-17 00:00:00  |w 2026-02-23